000 00542nam a22001937a 4500
005 20260413091812.0
008 260224b |||||||| |||| 00| 0 eng d
020 _a978-0-13-397077-7
050 _aQA 76.9 .D3 E46 2016
_b1
100 _aELMASRI,RAMEZ
245 _aFUNDAMENTALS OF DATABASE SYSTEMS
250 _a7
260 _aBOSTON,
_bPEARSON,
_c2016,
300 _aXXX, 1242 P, ILL
500 _aINCLUDES BIBLIOGRAPHICAL REFERENCES AND INDEX
650 _aDATABASE MANAGEMENT
700 _aNAVATHE, SHAMKANT B
942 _2lcc
_cBK
999 _c216603
_d216603